000 00695nam a22001577a 4500
003 OSt
005 20151104152525.0
008 151104b xxu||||| |||| 00| 0 eng d
040 _cRUA
082 _aFOR អ៊ុក 1994 B119 Or.1
100 _93356
_aអ៊ុក វីរបុត្រ
245 _aវិភាគទានក្នុងការកសាងគំរូគណិតតម្លៃមាឌឈើឈរ នៃប្រភេទពាណិជ្ជកម្មអំបូរ Dipterocarpaceae ក្នុងសារព័ន្ធព្រៃ ខេត្តរតនគីរី;
260 _aPhnom Penh
_bRUA
_c1993
300 _a93p.
_bill.
_c29cm.
942 _2ddc
_cFOR
999 _c3129
_d3129